Word Ladder: Goth Girl Quiz Stats

 Plays Quiz Updated Jun 4, 2015

Challenge
Share
Tweet
Embed
Score 0/38 Timer 03:00
2 Plays Today
Hint 4-Letter Word % Correct
✍ She had a little lamb ✍🗿 MARY 🗿
99.3%
Poppy or sesameSEED
95.5%
Honey-making insectsBEES
94.5%
Italy's shapeBOOT
94.5%
Chimney residueSOOT
93.2%
Close a door or windowSHUT
92.8%
Gun firing or film takeSHOT
92.3%
Looks, viewsSEES
91.7%
Lays out (as in dinnerware on a table)SETS
90.8%
Constricting snakesBOAS
90.7%
New York NL baseball teamMETS
89.6%
Tug, row or speed, e.g.BOAT
89.3%
Enclosed structure for tools, etcSHED
87.6%
Roman god of warMARS
86.2%
Lima, green, or kidney, e.g.BEAN
86.2%
Actresses Arthur and AlonzoBEAS
85.4%
What the Earth was once thought to beFLAT
81.2%
Rhythmic backbone of a songBEAT
80.9%
Depression in a surface like a car doorDENT
79.9%
Hint 4-Letter Word % Correct
It's paired with raisins in a cerealBRAN
79.7%
Lions' dwellings or cozy roomsDENS
79.6%
Wilander, the tennis playerMATS
79.4%
Camping shelterTENT
79%
✍ Nanny star Drescher ✍🗿 FRAN 🗿
78.5%
Superman's adopted surnameKENT
78.2%
Sharply curved or foldedBENT
77.8%
Dessert containing a sweet or savory fillingFLAN
75.7%
Achievement often requiring courageFEAT
73.4%
✍ Kesey, Jeong and Jennings, e.g. ✍🗿 KENS 🗿
72.6%
A color mixed with whiteTINT
69.8%
✍ 'Where the Sidewalk Ends' poet Silverstein ✍🗿 SHEL 🗿
68.3%
✍ Fork prong ✍🗿 TINE 🗿
68.1%
SynagogueSHUL
64.4%
A big celebrationFEST
64.1%
Part of the eyeLENS
52.1%
Parker who played Daniel BooneFESS
50.8%
✍ Wine-making residue ✍🗿 LEES 🗿
50.4%
Bogs, marshesFENS
43.5%

Today's Daily Dose

You're not logged in!

Compare scores with friends on all Sporcle quizzes.
Join for Free
OR
Log In

You Might Also Like...

Show Comments

Extras

Top Quizzes Today


Score Distribution

Your Account Isn't Verified!

In order to create a playlist on Sporcle, you need to verify the email address you used during registration. Go to your Sporcle Settings to finish the process.

Report this User

Report this user for behavior that violates our Community Guidelines.

Details: